1215 1138 1760 1397 1987 1069 1446 1195 1962 1056 1698 1817 1408 1573 1874 1559 1715 1424 1747 1848 1476 1481 1659 1456 1137 1026 1175 1536 1291 1608 1730 1253 1864 1918 1499 1343 1683 1899 1500 1963 1867 1471 1831 1626 1116 1287 1400 1291 1218 1873 1975 1694 1039 2000 1947 1175 1950 1856 1654 1903 1716 1618 1731 1378 1117 1666 1466 1749 1952 1044 1709 1712 1866 1439 1049 1291 1532 1881 1817 1211 1509 1025 1237 1481 1522 1087 1745 1891 1367 1130 1672 1181 1329 1467 1320 1079 1557 1806 1880 BCNSPRNW ULIB Ver.6.0+V

เปลี่ยนเป็นภาษาไทย

Change to English
 แสดงรายละเอียดบรรณานุกรม
  กลับหน้าหลัก

Brief Record : Get Marc (ISO 2709) : E-mail record : QR code < ปิดหน้าต่าง
LEADER : 00000nam 2200000uu 4500
001    13399122890
003     ULIB
008    131025s2555||||th 000 0 tha d
020    ^a9786162132209
050  4 ^aDS520^bส834ซ
100    ^aสุภฤกษ์ บุญทอง
245    ^aซัซะไดย...กัมพูชา/^cสุภฤกษ์ บุญทอง
250    ^aพิมพ์ครั้งที่ 1
260    ^aกรุงเทพฯ :^bสกายบุ๊กส์,^c2555
300    ^a72 หน้า
440  0 ^aชุด ประชาคมอาเซียนฉบับการ์ตูน
650  7 ^aอาเซียน^xเสริมความรู้
650  7 ^aกัมพูชา
945    ^p0^l0^i034108
999    ^aเกษร โพธิ์สุวรรณ
รายการนี้ยังไม่มีแท็ก
คุณยังไม่ได้ล็อกอิน คุณสามารถมีกิจกรรมร่วมกับเว็บไซต์ได้ แต่ต้องล็อกอินก่อน ::
  ล็อกอิน

รายการสื่อสารสนเทศ

ลำดับที่ ประเภท เลขเรียก/บาร์โค้ด สถานที่ สถานะ
1. Book การพยาบาล
Book การพยาบาล
DS520 ส834ซ  
  Barcode: 034108
ห้องสมุดวิทยาเขตสวรรค์ประชารักษ์
►หนังสือทั่วไป
บนชั้น

รายการใกล้เคียง
    ผู้แต่ง [สุภฤกษ์ บุญทอง]

    หัวเรื่อง [กัมพูชา]

BibComment


ยังไม่เคยถูกคอมเมนท์

คอมเมนท์ทรัพยากรรายการนี้
  คอมเมนท์: ซัซะไดยกัมพูชา ส..


 Copyright 2026. Bcnsprnw @Library